|
|
|
|
| LEADER |
01220nam a2200313 a 4500 |
| 001 |
2805172 |
| 008 |
110130t19871982coua b 001 0 eng d |
| 010 |
|
|
|a 82008457
|
| 020 |
|
|
|a 8120401972
|
| 020 |
|
|
|a 0865313032 :
|c $25.00
|
| 020 |
|
|
|a 0865314977 (pbk.)
|
| 040 |
|
|
|a DLC
|c DLC
|d DLC
|d BD-DhAAL
|
| 043 |
|
|
|a n-us-dc
|
| 050 |
0 |
0 |
|a Z733.U6
|b G67 1982
|
| 082 |
0 |
0 |
|a 027.573
|2 19
|
| 100 |
1 |
|
|a Goodrum, Charles A.
|
| 245 |
1 |
4 |
|a The Library of Congress /
|c Charles A. Goodrum and Helen W. Dalrymple.
|
| 250 |
|
|
|a 2nd ed. fully rev. and updated.
|
| 260 |
|
|
|a Boulder, Colo. :
|b Westview Press ;
|a New Delhi :
|b Oxford & IBH Pub. Co. Pvt. Ltd.,
|c 1982,
|c 1987.
|
| 300 |
|
|
|a ix, 337 p. :
|b ill. ;
|c 24 cm.
|
| 490 |
0 |
|
|a Westview library of federal departments, agencies, and systems.
|
| 504 |
|
|
|a Includes bibliography: (p. 317-322) and index.
|
| 541 |
1 |
|
|e 00003282
|
| 610 |
2 |
0 |
|a Library of Congress.
|
| 700 |
1 |
|
|a Dalrymple, Helen.
|
| 852 |
|
|
|a Ayesha Abed Library
|c General Shelf.
|
| 942 |
0 |
0 |
|0 1
|
| 999 |
|
|
|c 10413
|d 10413
|
| 952 |
|
|
|0 0
|1 0
|2 ddc
|4 0
|6 027_573000000000000_GOO
|7 0
|9 14281
|a BRACUL
|b BRACUL
|c GEN
|d 2011-01-31
|g 0.00
|l 4
|m 87
|o 027.573 GOO
|p 3010003282
|r 2017-08-13
|s 2016-11-24
|t 1
|w 2011-01-31
|y BK
|z Not price in Register
|